00276nam a2200121Ia 4500008004100000100001700041245002700058260002700085300000800112650001000120942000700130999001700137190216s9999||||xx |||||||||||||| ||und|| aVishnu Nagar 0aHindi-Gar Ke Bahar Gar bAntika Prakashanc2010 a112 aHindi cBK c16789d16789